Advancing IoT Platforms Interoperability.

This white paper provides an insight regarding interoperability in the IoT platforms and ecosystems created and used by IoT-EPI. The scope of this document covers the interoperability aspects, challenges and approaches that cope with interoperability in the current existing IoT platforms.

Bibliographic Details
Main Author: Vermesan, Ovidiu.
Format: eBook
Language:English
Published: Milton : River Publishers, 2018.
Edition:1st ed.
Subjects:
Online Access:Click to View
LEADER 01700nam a22003613i 4500
001 EBC7245254
003 MiAaPQ
005 20231204023229.0
006 m o d |
007 cr cnu||||||||
008 231204s2018 xx o ||||0 eng d
020 |a 9781000794519  |q (electronic bk.) 
020 |z 9788770220064 
035 |a (MiAaPQ)EBC7245254 
035 |a (Au-PeEL)EBL7245254 
035 |a (OCoLC)1378935330 
040 |a MiAaPQ  |b eng  |e rda  |e pn  |c MiAaPQ  |d MiAaPQ 
100 1 |a Vermesan, Ovidiu. 
245 1 0 |a Advancing IoT Platforms Interoperability. 
250 |a 1st ed. 
264 1 |a Milton :  |b River Publishers,  |c 2018. 
264 4 |c Ã2018. 
300 |a 1 online resource (91 pages) 
336 |a text  |b txt  |2 rdacontent 
337 |a computer  |b c  |2 rdamedia 
338 |a online resource  |b cr  |2 rdacarrier 
520 |a This white paper provides an insight regarding interoperability in the IoT platforms and ecosystems created and used by IoT-EPI. The scope of this document covers the interoperability aspects, challenges and approaches that cope with interoperability in the current existing IoT platforms. 
588 |a Description based on publisher supplied metadata and other sources. 
590 |a Electronic reproduction. Ann Arbor, Michigan : ProQuest Ebook Central, 2023. Available via World Wide Web. Access may be limited to ProQuest Ebook Central affiliated libraries.  
655 4 |a Electronic books. 
776 0 8 |i Print version:  |a Vermesan, Ovidiu  |t Advancing IoT Platforms Interoperability  |d Milton : River Publishers,c2018  |z 9788770220064 
797 2 |a ProQuest (Firm) 
856 4 0 |u https://ebookcentral.proquest.com/lib/matrademy/detail.action?docID=7245254  |z Click to View